000 00498nam a2200181Ia 4500
008 240925s9999 xx 000 0 und d
020 _aNA
082 _a382.602949 JAM
100 _aUS Publication
245 0 _aJamal's Yellow Pages of Pakistan 2007: industrial / commercial guide
250 _a24th
260 _aKarachi:
_bUS Publication
_c,2007.
300 _axvi,624p.
_bNA
_fPhotocopy
500 _aIncludes Index
600 _aSocial Sciences
650 _aSocial Sciences
942 _cBK
999 _c9838
_d9838